[Event "Venezia Province-ch 83rd"]
[Site "Campalto"]
[Date "2024.02.04"]
[Round "4"]
[White "Gambarotto, Paolo"]
[Black "Patron, Cristobal"]
[Result "1-0"]
[WhiteElo "1404"]
[BlackElo "1165"]
[PlyCount "96"]
[EventDate "2024.02.02"]
[EventType "swiss"]
[EventRounds "5"]
[EventCountry "ITA"]
[SourceTitle "EXT 2025"]
[Source "ChessBase"]
[SourceDate "2024.10.14"]
[SourceVersion "1"]
[SourceVersionDate "2024.10.14"]
[SourceQuality "1"]

1. d4 d5 2. Bf4 Bf5 3. e3 Nf6 4. Nd2 e6 5. Ngf3 Bd6 6. Bg3 0-0 7. c3 Qe7 8. Ne5 Nbd7 9. f4 c5 10. Ndf3 cxd4 11. exd4 Bxe5 12. fxe5 Ne4 13. Bd3 Bg4 14. Qc2 f5 15. 0-0-0 Rac8 16. Be1 Rc7 17. h3 Bh5 18. g4 fxg4 19. hxg4 Bg6 20. Nh4 Qg5+ 21. Kb1 Qxg4 22. Nxg6 Qxg6 23. Rh2 Rf4 24. Bd2 Rg4 25. Be3 Nb6 26. Rdh1 h6 27. Rh4 Rxh4 28. Rxh4 Qg3 29. Bxe4 Qxh4 30. Bh7+ Kf8 31. Qg6 Qe4+ 32. Qxe4 dxe4 33. Bxe4 g5 34. Kc2 Nd5 35. Bd2 Nf4 36. Bf3 Rh7 37. Be4 Rh8 38. Bxb7 h5 39. c4 h4 40. Bxf4 gxf4 41. d5 exd5 42. cxd5 h3 43. d6 h2 44. Bh1 Rg8 45. e6 Rg1 46. e7+ Kf7 47. Bd5+ Kf6 48. e8Q h1Q 1-0

[Event "Venezia Province-ch 83rd"]
[Site "Campalto"]
[Date "2024.02.03"]
[Round "3"]
[White "Patron, Cristobal"]
[Black "Ionata, Lorenzo"]
[Result "1-0"]
[WhiteElo "1165"]
[BlackElo "1046"]
[PlyCount "55"]
[EventDate "2024.02.02"]
[EventType "swiss"]
[EventRounds "5"]
[EventCountry "ITA"]
[SourceTitle "EXT 2025"]
[Source "ChessBase"]
[SourceDate "2024.10.14"]
[SourceVersion "1"]
[SourceVersionDate "2024.10.14"]
[SourceQuality "1"]

1. e4 e5 2. Nf3 Nc6 3. Bc4 Bc5 4. c3 Nf6 5. d4 exd4 6. cxd4 Bb4+ 7. Bd2 Nxe4 8. Bxb4 Nxb4 9. Bxf7+ Kxf7 10. Qb3+ Ke8 11. Qxb4 Qf6 12. 0-0 Rf8 13. Re1 Qg6 14. d5 Rf4 15. Nc3 Kf7 16. Ne5+ Kg8 17. Nxg6 hxg6 18. Rxe4 g5 19. Rxf4 gxf4 20. Qxf4 d6 21. Re1 Bd7 22. Re7 Rf8 23. Qxf8+ Kxf8 24. Rxd7 g6 25. Rxc7 b5 26. Rc6 a5 27. Nxb5 Ke7 28. Rxd6 1-0